| 000 | 00568cam a2200145 4500500 | ||
|---|---|---|---|
| 005 | 20260208002443.0 | ||
| 041 | _afre | ||
| 042 | _adc | ||
| 100 | 1 | 0 |
_aMasset, Claude _eauthor |
| 245 | 0 | 0 | _aPeter Metcalf, The Life of the Longhouse. An Archaeology of Ethnicity, New York, Cambridge University Press, 2010, 345 p., bibl., index, ill., fig., tabl., cartes |
| 260 | _c2011. | ||
| 500 | _a56 | ||
| 786 | 0 | _nL'Homme | 200 | 4 | 2011-11-01 | p. 227m-266m | 0439-4216 | |
| 856 | 4 | 1 | _uhttps://shs.cairn.info/revue-l-homme-2011-4-page-227m?lang=fr&redirect-ssocas=7080 |
| 999 |
_c1646440 _d1646440 |
||